Property masters: a history of the British commercial property sector (Record no. 115002)

MARC details
000 -LEADER
fixed length control field 01626cam a22002415a 4500
001 - CONTROL NUMBER
control field L157859
008 - FIXED-LENGTH DATA ELEMENTS--GENERAL INFORMATION
fixed length control field 130614s2013 xxk f 000 0 eng d
020 ## - INTERNATIONAL STANDARD BOOK NUMBER
International Standard Book Number 9780203036464
035 ## - SYSTEM CONTROL NUMBER
System control number (Sirsi) u157859
041 0# - LANGUAGE CODE
Language code of text/sound track or separate title eng
100 1# - MAIN ENTRY--PERSONAL NAME
Personal name Scott, Peter
245 00 - TITLE STATEMENT
Title Property masters: a history of the British commercial property sector
Medium [electronic resource]
260 ## - PUBLICATION, DISTRIBUTION, ETC.
Name of publisher, distributor, etc. Taylor & Francis
Date of publication, distribution, etc. 2013
300 ## - PHYSICAL DESCRIPTION
Extent ebook
520 ## - SUMMARY, ETC.
Summary, etc. Traces the evolution of the commercial property investment and development markets from the mid-nineteenth century to the present day and explores how the current investment scene emerged. Draws on private business records of institutional investors, major retailers, chartered surveyors and property developers and uses extensive case study material to focus on: factors influencing the growth of institution investment in property; evolution of commercial and industrial property markets; influence of the property investment market on the property development industry and the wider economy; factors influencing the physical development of office and shopping centres; the political economy of the property development industry. The statistical section outlines some long-running historical series covering most aspects of the property investment market; a glossary of acronyms, abbreviations and technical terms.
590 ## - LOCAL NOTE (RLIN)
Local note ka ntk
650 24 - SUBJECT ADDED ENTRY--TOPICAL TERM
Topical term or geographic name entry element EBOOK
651 #4 - SUBJECT ADDED ENTRY--GEOGRAPHIC NAME
Geographic name United Kingdom
Chronological subdivision
690 ## - LOCAL SUBJECT ADDED ENTRY--TOPICAL TERM (OCLC, RLIN)
Topical term or geographic name as entry element Commercial property
9 (RLIN) 6227
690 ## - LOCAL SUBJECT ADDED ENTRY--TOPICAL TERM (OCLC, RLIN)
Topical term or geographic name as entry element Investments
9 (RLIN) 6250
856 40 - ELECTRONIC LOCATION AND ACCESS
Uniform Resource Identifier <a href="https://www.vlebooks.com/">https://www.vlebooks.com/</a>
Public note View on VLEbooks. Logins for members only from [email protected]
942 ## - ADDED ENTRY ELEMENTS (KOHA)
Suppress in OPAC 0
Holdings
Withdrawn status Lost status Source of classification or shelving scheme Damaged status Not for loan Home library Current library Shelving location Date acquired Total Checkouts Full call number Barcode Date last seen Copy number Price effective from Koha item type
    Dewey Decimal Classification     Virtual Virtual Books 14/06/2013   ONLINE PUBLICATION 157859-2001 06/08/2019 1 06/08/2019 Book